<?xml version="1.0" encoding="UTF-8"?>
<record
    xmlns:xsi="http://www.w3.org/2001/XMLSchema-instance"
    xsi:schemaLocation="http://www.loc.gov/MARC21/slim http://www.loc.gov/standards/marcxml/schema/MARC21slim.xsd"
    xmlns="http://www.loc.gov/MARC21/slim">

  <leader>01049nam a22002657a 4500</leader>
  <controlfield tag="005">20110125140113.0</controlfield>
  <controlfield tag="008">110125t        xxu||||| |||| 00| 0 mar d</controlfield>
  <datafield tag="010" ind1=" " ind2=" ">
    <subfield code="a">MAR-20515</subfield>
  </datafield>
  <datafield tag="020" ind1=" " ind2=" ">
    <subfield code="a">9788174345165</subfield>
    <subfield code="c">150.00</subfield>
  </datafield>
  <datafield tag="035" ind1=" " ind2=" ">
    <subfield code="a">MR-13173</subfield>
  </datafield>
  <datafield tag="037" ind1=" " ind2=" ">
    <subfield code="b">DBAD / PUB</subfield>
  </datafield>
  <datafield tag="040" ind1=" " ind2=" ">
    <subfield code="a">DPL</subfield>
    <subfield code="b">MR</subfield>
  </datafield>
  <datafield tag="082" ind1=" " ind2=" ">
    <subfield code="a">891.463</subfield>
  </datafield>
  <datafield tag="100" ind1=" " ind2=" ">
    <subfield code="9">25582</subfield>
  </datafield>
  <datafield tag="245" ind1=" " ind2=" ">
    <subfield code="a">&#x92C;&#x93E;&#x927;&#x93E; /</subfield>
    <subfield code="c">&#x92E;&#x927;&#x941;&#x915;&#x930; &#x927;&#x930;&#x94D;&#x92E;&#x93E;&#x92A;&#x941;&#x930;&#x940;&#x915;&#x930; &#x926;&#x94D;&#x935;&#x93E;&#x930;&#x93E; &#x938;&#x902;&#x92A;&#x93E;&#x926;&#x93F;&#x924;</subfield>
  </datafield>
  <datafield tag="246" ind1=" " ind2=" ">
    <subfield code="a">Baadha</subfield>
  </datafield>
  <datafield tag="260" ind1=" " ind2=" ">
    <subfield code="a">&#x930;&#x93E;&#x91C;&#x939;&#x901;&#x938; &#x92A;&#x94D;&#x930;&#x915;&#x93E;&#x936;&#x928;</subfield>
    <subfield code="b">&#x92A;&#x941;&#x923;&#x947;</subfield>
    <subfield code="c">2010</subfield>
  </datafield>
  <datafield tag="270" ind1=" " ind2=" ">
    <subfield code="a">1025,&#x938;&#x926;&#x93E;&#x936;&#x93F;&#x935; &#x92A;&#x947;&#x920;</subfield>
    <subfield code="b">&#x92A;&#x941;&#x923;&#x947;</subfield>
    <subfield code="e">411030</subfield>
  </datafield>
  <datafield tag="300" ind1=" " ind2=" ">
    <subfield code="a">165&#x92A;&#x943;</subfield>
    <subfield code="c">21&#x938;&#x947;&#x92E;&#x940; (&#x905;&#x91C;&#x93F;&#x932;&#x94D;&#x926;)</subfield>
  </datafield>
  <datafield tag="700" ind1=" " ind2=" ">
    <subfield code="9">25583</subfield>
    <subfield code="a">&#x927;&#x930;&#x94D;&#x92E;&#x93E;&#x92A;&#x941;&#x930;&#x940;&#x915;&#x930;,&#x92E;&#x927;&#x941;&#x915;&#x930;</subfield>
  </datafield>
  <datafield tag="700" ind1=" " ind2=" ">
    <subfield code="9">25646</subfield>
  </datafield>
  <datafield tag="700" ind1=" " ind2=" ">
    <subfield code="9">25587</subfield>
  </datafield>
  <datafield tag="942" ind1=" " ind2=" ">
    <subfield code="2">ddc</subfield>
    <subfield code="c">MR</subfield>
    <subfield code="h">891.46301</subfield>
    <subfield code="m">&#x92C;&#x93E;&#x927;&#x93E;&#x92E;</subfield>
  </datafield>
  <datafield tag="999" ind1=" " ind2=" ">
    <subfield code="c">50165</subfield>
    <subfield code="d">50165</subfield>
  </datafield>
  <datafield tag="952" ind1=" " ind2=" ">
    <subfield code="0">0</subfield>
    <subfield code="1">0</subfield>
    <subfield code="2">ddc</subfield>
    <subfield code="4">0</subfield>
    <subfield code="7">1</subfield>
    <subfield code="8">FIC</subfield>
    <subfield code="a">DBAD</subfield>
    <subfield code="b">DBAD</subfield>
    <subfield code="d">2011-01-28</subfield>
    <subfield code="e">DBAD / PUB</subfield>
    <subfield code="g">150.00</subfield>
    <subfield code="l">0</subfield>
    <subfield code="o">891.46301 &#x92C;&#x93E;&#x927;&#x93E;&#x92E;</subfield>
    <subfield code="p">MR-13173</subfield>
    <subfield code="r">2011-01-28 00:00:00</subfield>
    <subfield code="t">1</subfield>
    <subfield code="v">150.00</subfield>
    <subfield code="w">2011-01-28</subfield>
    <subfield code="y">MR</subfield>
  </datafield>
</record>
